Central Library OPAC University of Rajshahi

The Newgate novel, 1830-1847 : (Record no. 20460)

MARC details
000 -LEADER
fixed length control field 00875cam a22002533 4500
001 - CONTROL NUMBER
control field 20460
003 - CONTROL NUMBER IDENTIFIER
rucl marc code BD-RjUL
005 - DATE AND TIME OF LATEST TRANSACTION
control field 20211209000552.0
008 - FIXED-LENGTH DATA ELEMENTS--GENERAL INFORMATION
fixed length control field 140301t1963 miua b s001 0 eng
035 ## - SYSTEM CONTROL NUMBER
System control number (BD-RjUL)20522
040 ## - CATALOGING SOURCE
Original cataloging agency DLC
Transcribing agency DLC
Language of cataloging eng
Modifying agency BD-RjUL
041 ## - LANGUAGE CODE
Language code of text/sound track or separate title eng
082 04 - DEWEY DECIMAL CLASSIFICATION NUMBER
Classification number 823.09
Author mark and year HON 1963
100 1# - MAIN ENTRY--PERSONAL NAME
Personal name Hollingsworth, Keith.
9 (RLIN) 63094
245 14 - TITLE STATEMENT
Title The Newgate novel, 1830-1847 :
Remainder of title Bulwer, Ainsworth, Dickens & Thackeray /
Statement of responsibility, etc. With illus. by George Cruikshank, Hablot K. Browne, & W.M. Thackeray.
260 ## - PUBLICATION, DISTRIBUTION, ETC. (IMPRINT)
Place of publication, distribution, etc. Detroit :
Name of publisher, distributor, etc. Wayne State University Press,
Date of publication, distribution, etc. c1963.
300 ## - PHYSICAL DESCRIPTION
Pagination 279 p. :
Illustrations illus. ;
Size 24 cm.
504 ## - BIBLIOGRAPHY, ETC. NOTE
Bibliography, etc Includes bibliographical references and index.
650 #0 - SUBJECT ADDED ENTRY--TOPICAL TERM
Topical term or geographic name as entry element English fiction
Chronological subdivision 19th century
General subdivision History and criticism.
9 (RLIN) 56557
Topical term or geographic name as entry element Crime in literature.
9 (RLIN) 63095
942 ## - ADDED ENTRY ELEMENTS (KOHA)
Source of classification or shelving scheme Dewey Decimal Classification
Koha item type Books
Holdings
Lost status Source of classification or shelving scheme Damaged status Not for loan Collection code Permanent Location Current Location Shelving location Date acquired Source of acquisition Cost, normal purchase price Total Checkouts Full call number Date last seen Copy number Koha item type
  Dewey Decimal Classification   Added to bundle Fiction Central Library, University of Rajshahi Central Library, University of Rajshahi Reading Room 20/08/1970 Zeitlinger 75.60   823.09 HON 1963 01/03/2014 C-1 Books